000 00525nam a2200181 a 4500
001 1775634810342
003 YourLibrary
005 20260408132850.0
008 260408s2009##################000#0#eng##
020 _a9780754678410
082 0 4 _a347.7312
_bBUR
100 1 _aBurgess, Susan,
_eauthor.
245 1 0 _aThe Founding Fathers, Pop Culture, and Constitutional Law :
260 _bRoutledge,
_c2009.
650 0 _aFounding Fathers of the United States.
942 _cENGLISH
040 _aYourLibrary
_beng
_cYourLibrary
999 _c619123
_d619123